000 01376nam a2200277Ia 4500
999 _c36286
_d36286
001 2193
003 GE_BSU
005 20190506164219.0
008 181216s2008||||ge |||||||||||||| ||geo||
020 _a9992855269
040 _cGE_BSU
041 _ageo
080 _a338.22(075.8) შ–48
100 _aშენგელია, თეიმურაზ
_9814
245 _aბიზნესის ადმინისტრირების საფუძვლები = Fundamentals of business administration :
_bნაწ. (1, 2). ; სახელმძღვ. სტუდ. /
_cთეიმურაზ შენგელია ; რედ. რომან გოცირიძე.
264 _aთბილისი :
_b ახალი საქართველო,
_c2008.
300 _a658 გვ.:
_bცხ., ნახ.,
_c23 სმ.
500 _aტერმინების განმარტ. ლექსიკონი: გვ. 604-633.
504 _aბიბლიოგრ.: გვ. 634-646.
653 _aეკონომიკა
653 _aბიზნესის ადმინისტრირება
653 _aბიზნესის დაგეგმვა
653 _aრეკლამა
700 _aგოცირიძე, რომან
_eრედაქტორი
_9815
942 _cBK
_2udc